00729nam a22002057a 4500003000500000005001700005008004100022010001000063011001000073035001000083040000900093100003400102245015600136260003900292300003000331502008900361650002200450650002000472650003100492CHAP20220329135119.0971013s1983 r 00010 d a31134 a32106 a36219 cCHAP00aLongoria Rodríguez, Carlos. aEstudio sobre la competencia y el antagonismo químico de los productos de fermentación de Lactobacillus acidophilus en cultivos de Escherichia coli aMonterrey, N.L. :bEl autor,c1983 a54 h.b: ilus. ; gráfs. aTesis (Ing. Agr. Zootecnista) -- ITESM. Div. de Ciencias Agropecuarias y Marítimas14aEscherichia coli.14aFermentación.14aLactobacillus acidophilus.